Văn Học nghệ thuật và sự tiếp nhận

Na minha lista:
Detalhes bibliográficos
Formato: Livro
Publicado em: H. Viện Thông tin Khoa học Xã Hội 1991
Assuntos:
Tags: Adicionar Tag
Sem tags, seja o primeiro a adicionar uma tag!
Thư viện lưu trữ: Trung tâm Học liệu Lê Vũ Hùng, Trường Đại học Đồng Tháp
LEADER 00683pam a22002058a 4500
001 00023239
008 110616s1991 ||||||Viesd
005 20171026081022.0
041 0 # |a Vie 
082 1 4 |b V115H  |a 801 
245 0 0 |a Văn Học nghệ thuật và sự tiếp nhận 
260 # # |a H.  |b Viện Thông tin Khoa học Xã Hội  |c 1991 
300 # # |a 119 tr.  |c 19 cm. 
500 # # |a ĐTTS ghi: Giao lưu văn hóa Quốc tế 
650 # 4 |a Lí luận 
650 # 4 |a Văn học 
852 # # |b Kho đọc  |j KD.0009478 
852 # # |j KD.0009478 
910 0 # |a sang  |d 16/06/2011 
980 # # |a Trung tâm Học liệu Lê Vũ Hùng, Trường Đại học Đồng Tháp